MARC

LEADER 00000cam a22000004a 4500
001 musev2_56764
003 MdBmJHUP
005 20230905045825.0
006 m o d
007 cr||||||||nn|n
008 171208t20182018nbu o 00 0 eng d
010 |z  2017017420 
020 |a 9781496204486 
020 |z 9781496202253 
035 |a (OCoLC)998754278 
040 |a MdBmJHUP  |c MdBmJHUP 
245 0 0 |a Ojibwe Stories from the Upper Berens River :   |b A. Irving Hallowell and Adam Bigmouth in Conversation /   |c edited and with an introduction by Jennifer S.H. Brown. 
264 1 |a Lincoln, [Nebraska] :  |b co-published with the American Philosophical Society,  |c 2018. 
264 3 |a Baltimore, Md. :  |b Project MUSE,   |c 2018 
264 4 |c ©2018. 
300 |a 1 online resource (240 pages):   |b illustrations, maps. 
336 |a text  |b txt  |2 rdacontent 
337 |a computer  |b c  |2 rdamedia 
338 |a online resource  |b cr  |2 rdacarrier 
490 0 |a New Visions in Native American and Indigenous Studies 
505 0 |a Cover -- Title Page -- Copyright Page -- Contents -- List of Illustrations -- Acknowledgments -- Introduction -- Glossary of Ojibwe Personal Names Appearing in the Text -- Map of the World of Adam Bigmouth -- Prologue -- 1. Boyhood Memories -- 2. Working for the Hudson's Bay Company -- 3. Dream Experiences -- 4. Curing, Helping, Love Medicine, and an Old Man's Jealousy -- 5. Northern Barred Owl, Man of Many Powers -- 6. Gender, Power, and Incest -- 7. The Challenges and Risks of Being Female -- 8. Bad Medicine and Old Men's Threats -- 9. Starvation Threatened and Real -- 10. Encounters and Contests with Windigos -- 11. Human Beings Made into Windigos -- 12. The Curing of Windigos -- 13. The Costs of Mockery and Cruelty -- 14. Magical Medicines and Powers -- Afterword -- References -- Index. 
588 |a Description based on print version record. 
600 1 0 |a Bigmouth, Adam  |x Family. 
650 7 |a Ojibwa mythology.  |2 fast  |0 (OCoLC)fst01045124 
650 7 |a Ojibwa Indians.  |2 fast  |0 (OCoLC)fst01045067 
650 7 |a Families.  |2 fast  |0 (OCoLC)fst01728849 
650 6 |a Mythologie ojibwa. 
650 6 |a Ojibwa (Indiens)  |z Manitoba  |z Berens, Vallee de la  |v Biographies. 
650 6 |a Ojibwa (Indiens)  |x Histoire. 
650 6 |a Ojibwa (Indiens)  |v Folklore. 
650 0 |a Ojibwa mythology. 
650 0 |a Ojibwa Indians  |z Manitoba  |z Berens River Valley  |v Biography. 
650 0 |a Ojibwa Indians  |x History. 
650 0 |a Ojibwa Indians  |v Folklore. 
651 7 |a Manitoba  |z Berens River Valley.  |2 fast  |0 (OCoLC)fst01273781 
651 0 |a Berens River (First Nation)  |x History. 
655 7 |a History.  |2 fast  |0 (OCoLC)fst01411628 
655 7 |a Folklore.  |2 fast  |0 (OCoLC)fst01423784 
655 7 |a Biographies.  |2 fast  |0 (OCoLC)fst01919896 
655 7 |a Electronic books.   |2 local 
700 1 |a Brown, Jennifer S. H.,  |d 1940-  |e editor. 
710 2 |a Project Muse.  |e distributor 
830 0 |a Book collections on Project MUSE. 
856 4 0 |z Texto completo  |u https://projectmuse.uam.elogim.com/book/56764/ 
945 |a Project MUSE - Custom Collection 
945 |a Project MUSE - 2018 Complete 
945 |a Project MUSE - 2018 Global Cultural Studies 
945 |a Project MUSE - 2018 Native American and Indigenous Studies